Beginning with the letter "D" - Statistics

General Stats
  • This quiz has been taken 33 times
  • The average score is 8 of 15
Answer Stats
Hint Answer % Correct
What D stands for in D-Day D
100%
Capital or Ireland Dublin
91%
If you have M.D. after your name you're a? Doctor
85%
Middle name of Franklin Roosevelt Delano
70%
If something will stand up to wear, it's? Durable
61%
Writer of Robinson Crusoe Defoe
58%
Part of the Chrysler Group Dodge
55%
More proper name for a wiener dog Dachshund
42%
Mountain range in Italy Dolomites
42%
Scottish city on the River Tay Dundee
42%
Sometimes termed a "gumshoe" Detective
39%
Strait formerly referred to as the Hellespont Dardanelles
30%
Bigger than a frigate; smaller than a cruiser Destroyer
30%
Aussie term for an idiot Drongo
12%
Variable-ratio gear system for bicycles Derailleur
6%
No matching quizzes found
Score Distribution
Percent of People with Each Score
Percentile by Number Answered
Your Score History
You have not taken this quiz